Statystyki dla Wymień piłkarza z najwyższym OVR z danego klubu - Fifa20

Kliknij tutaj aby rozwiązać quiz!

Ogólne statystyki

  • Ten quiz został rozwiązany 957 razy
  • Średni wynik to 17 z 30

Statystyki odpowiedzi

KlubPiłkarz% Poprawnych
FC BarcelonaMessi
93%
JuventusRonaldo
93%
Manchester CityDe Bruyne
86%
TottenhamKane
86%
Bayern MonachiumLewandowski
86%
Manchester UnitedDe Gea
81%
PSGNeymar
81%
ChelseaKante
71%
ArsenalAubameyang
68%
Real MadrytHazard
68%
Borussia DortmundReus
68%
Atletico MadrytOblak
65%
LazioImmobile
63%
Wisła KrakówBłaszczykowski
59%
Crystal PalaceZaha
54%
NapoliKoulibaly
52%
Celta VigoAspas
50%
AtalantaGomez
46%
Leicester CitySchmeichel
45%
AS RomaDzeko
41%
Bayer LeverkusenHavertz
40%
WolverhamptonMoutinho
36%
Ajax AmsterdamZiyech
34%
ValenciaParejo
32%
Olympique LyonLopes
29%
Borussia MonchengladbachSommer
29%
RB LipskGulacsi
28%
TorinoSirigu
28%
Saint-EttieneRuffier
24%
CagliariNainggolan
21%

Rozkład punktacji

Percentyl według liczby udzielonych odpowiedzi

Procent ludzi z każdym wynikiem

Twoja historia wyników

Nie rozwiązałeś tego quizu